| 000 | 00450nam a2200109Ia 4500 | ||
|---|---|---|---|
| 008 | 160909s9999 xx 000 0 und d | ||
| 100 | _aCohen, Jared L. | ||
| 245 | 4 | _aThe Ethical Application of Force-Feeding: A Closer Look at Medical Policy Involving the Treatment of Hunger-Striking POWs and Detainees | |
| 260 |
_bTemple University. _c2016 |
||
| 650 | _aHUMAN RESOURCE MANAGEMENT | ||
| 856 | _uhttp://pqdtopen.proquest.com/doc/1794167060.html?FMT=ABS | ||
| 999 |
_c304734 _d304734 |
||